000 01089nam a2200301Ia 4500
003 OSt
005 20221007121856.0
006 a|||||r|||| 00| 0
007 ta
008 221006b |||||||| |||| 00| 0 eng d
020 _a8179360083 (hbd)
_cRs.450.00
024 _a11674
037 _bJagmander,
_cTextual
040 _aBDL
_cBDL
_beng
041 _2eng
_aeng
082 _aJ645, P3
100 _aPakrashi S C
_9713069
245 0 _aGinger: a versatile healing herb by S C Pakrashi and Anita Pakrashi
_b Pakrashi Anita
260 _aNew
_bDelhi Vedams
_c2003
300 _axv, 168p
_ccm.
500 _aBibliography 73-95p; Appendix 96-168p; ^n23/CSL/CARB/2003-2004/1268^d2004-02-04^mPurchase; ; 2003-04/778^b2004-02-23^c975/2003-04^d2004-02-06^eRs.19,313.00^fJagmander Book Agency; ; 2004-04-10^bSB^c2004-04-10^dVinay
650 _a Drug
_9713070
650 _a Ginger
_9713071
650 _aAgriculture
700 _a Pakrashi Anita
_9713072
942 _hJ645, P3
_cTEXL
_2CC
999 _c1209468
_d1209468